000 00332nam a2200133Ia 4500
008 100328s9999 xx 000 0 und d
082 _b31394
100 _aजोगळेकर योगिनी
245 _aदसरा
260 _bमेघदूत
630 _aदसरा
730 _aदसरा
942 _cBOOK
999 _c522309
_d522306